000 00426nam a2200169Ia 4500
008 100211t2006 xxu||||| |||| 00| 0 sin d
041 _asin
080 _aX8S31
_bJAY
100 _aSenevirathna, Jayakody
245 _aලොකුපුතා
246 _aLoku Putha
260 _bDayawansa Jayakody
_aColombo
_c2006
300 _a199p., 21 cm
942 _cBK
999 _c72680
_d72680
003 LK-CoDNM
040 _aLK-CoDNM
_dLK-CoDNM
_eLK-CoDNM